<?xml version="1.0" encoding="UTF-8"?>
<collection xmlns="http://www.loc.gov/MARC21/slim">
  <record>
    <leader>00000nam  2200000   4500</leader>
    <controlfield tag="001">INLIS000000000003042</controlfield>
    <controlfield tag="005">20190301101932</controlfield>
    <datafield tag="035" ind1="#" ind2="#">
      <subfield code="a">0010-0718003042</subfield>
    </datafield>
    <controlfield tag="008">190301################g##########0#ind##</controlfield>
    <datafield tag="020" ind1="#" ind2="#">
      <subfield code="a">9794443077</subfield>
    </datafield>
    <datafield tag="041" ind1=" " ind2=" ">
      <subfield code="a">id</subfield>
    </datafield>
    <datafield tag="082" ind1="#" ind2="#">
      <subfield code="a">059.8</subfield>
    </datafield>
    <datafield tag="090" ind1=" " ind2=" ">
      <subfield code="a">059.8 Sim p</subfield>
    </datafield>
    <datafield tag="100" ind1=" " ind2="#">
      <subfield code="a">Simanjuntak, Marsilam</subfield>
    </datafield>
    <datafield tag="245" ind1="1" ind2="#">
      <subfield code="a">Pandangan negara integralistik. /</subfield>
      <subfield code="c">Marsilam Simanjuntak</subfield>
    </datafield>
    <datafield tag="250" ind1="#" ind2="#">
      <subfield code="a">Cet.1</subfield>
    </datafield>
    <datafield tag="260" ind1="#" ind2="#">
      <subfield code="a">Jakarta :</subfield>
      <subfield code="b">Pustaka Utama Grafiti,</subfield>
      <subfield code="c">1994</subfield>
    </datafield>
    <datafield tag="300" ind1="#" ind2="#">
      <subfield code="a">xiv, 284 hlm. :</subfield>
      <subfield code="b">ilus ;</subfield>
      <subfield code="c">22 cm</subfield>
    </datafield>
    <datafield tag="650" ind1=" " ind2="#">
      <subfield code="a">Politik - integralistik</subfield>
    </datafield>
    <datafield tag="084" ind1="#" ind2="#">
      <subfield code="a">059.8 Sim p</subfield>
    </datafield>
    <datafield tag="520" ind1="#" ind2="#">
      <subfield code="a">Buku ini menelusuri kembali dimana sesungguhnya temoat dan kedudukan pandangan negara integralistik dalam proses penyusunan UUD 1945. Secara kritis juga dikupas sumber filsafat pandangan itu yang pada hakikatnya bertentangan dengan asas kedaulatan rakyat. "Buku ini adalah semacam berkas tangkisan atau gugatan balik, membela perkara kedudukan kedaulatan rakyat dan hak hak dasar manusia dalam konstitusi," kata penulisnya.</subfield>
    </datafield>
    <datafield tag="856" ind1="#" ind2="#">
      <subfield code="a">Perpustakaan Lembaga Administras Negara</subfield>
    </datafield>
    <datafield tag="990" ind1="#" ind2="#">
      <subfield code="a">02116732</subfield>
    </datafield>
    <datafield tag="990" ind1="#" ind2="#">
      <subfield code="a">02116732</subfield>
    </datafield>
  </record>
</collection>
